000 00428nam a22001577a 4500
003 PILC
005 20151009083752.0
008 151009b xxu||||| |||| 00| 0 eng d
020 _a9780312546854
050 _aPZ 7
_b.G457 2010
100 _aGiffin, Emily.
245 _aHeart of the matter /
_cEmily Giffin.
260 _aNew York :
_bSt. Martin's Paperbacks,
_c2010.
300 _a327 pages ;
_c21 cm.
942 _2lcc
_cBK
_kFOR
999 _c288840
_d288840